MARC details
| 000 -CABECERA |
| campo de control de longitud fija |
02589nab a2200253 a 4500 |
| 005 - FECHA Y HORA DE LA ÚLTIMA TRANSACCIÓN |
| campo de control |
20240113063710.0 |
| 008 - ELEMENTOS DE LONGITUD FIJA--INFORMACIÓN GENERAL |
| campo de control de longitud fija |
991125c2018 cr zr p o 000 0 spa d |
| 035 ## - NÚMERO DE CONTROL DEL SISTEMA |
| Número de control de sistema |
UPN01000227129 |
| 040 ## - FUENTE DE LA CATALOGACIÓN |
| Centro catalogador/agencia de origen |
UPN |
| Lengua de catalogación |
spa |
| Centro/agencia transcriptor |
UPN |
| Normas de descripción |
aacr2 |
| 049 ## - COLECCIÓN |
| Colección |
ART-E |
| 100 1# - ASIENTO PRINCIPAL--NOMBRE PERSONAL |
| Nombre de persona |
Guzmán Huayamave, Kennya |
| Enlace |
- kguzmanh@ulvr.edu.ec |
| 245 13 - MENCIÓN DE TÍTULO |
| Título |
La comunicación empática desde la perspectiva de la educación inclusiva |
| Medio |
[recurso electrónico en línea] |
| 506 0# - NOTA DE RESTRICCIONES AL ACCESO |
| Limitaciones de acceso |
Acceso abierto |
| 520 3# - NOTA DE RESUMEN, ETC. |
| Sumario, etc. |
En el presente artículo se describe el valor de la empatía como un constructo, propio de la teoría de la comunicación, que transciende para la educación inclusiva y para atender sus desafíos, orienta al personal docente en los procesos pedagógicos. La persona educadora al ponerse en el lugar del niño que aprende diferente y necesita ser comprendido, puede ayudarlo en su desarrollo integral. La investigaciónpresenta resultados en el Colegio Miraflores de la ciudad de Guayaquil y tiene como objetivo abrir un diálogo empático que invite a repensar mutuamente en la obligatoriedad de valorar la comunicación para que se garantice el derecho de la educación inclusiva que demanda intensificar acciones frente a las diversas características en los entornos de aprendizaje. Al respecto, cabe resaltar, el rol docente como un modelo formativo que ha de penetrar en la esfera de la comunicación, en respuesta a su vocación, desarrollo personal, profesional y en esta ruta promueva sentimientos de comunidad y compromiso. Desde esa mirada, se recoge la sistematización de experiencias teóricas, prácticas y metodológicas de la autora, que parte de la observación, la entrevista grupal, el análisis documental de los fundamentos teóricos y normativos de los requerimientos de la práctica inclusiva. La metodología y técnicas utilizadas han seguido un modelo cualitativo-descriptivo con carácter exploratorio. El estudio corroboró que, la comunicación empática, debe ocupar espacios que generen reflexión y se consideren potencialidades del ser humano que posibiliten la educación inclusiva y para ello es fundamental la revisión permanente de sus prácticas educativas. |
| 650 #4 - ASIENTO SECUNDARIO DE MATERIA - TERMINO TEMATICO |
| Término de materia o nombre geográfico como elemento de entrada |
Comunicación |
| 9 (RLIN) |
9285 |
| 650 #4 - ASIENTO SECUNDARIO DE MATERIA - TERMINO TEMATICO |
| 9 (RLIN) |
7100 |
| Término de materia o nombre geográfico como elemento de entrada |
Educación inclusiva |
| 650 #2 - ASIENTO SECUNDARIO DE MATERIA - TERMINO TEMATICO |
| 9 (RLIN) |
14918 |
| Término de materia o nombre geográfico como elemento de entrada |
Empatía |
| 653 0# - TERMINO DE INDIZACION - NO CONTROLADO |
| Término no controlado |
Docentes |
| 773 ## - ENLACE AL DOCUMENTO FUENTE/ENTRADA DE REGISTRO ANFITRIÓN |
| Parte(s) relacionada(s) |
Vol. 18, no. 3 (2018 ), p. 1-18 |
| Título |
Actualidades investigativas en educación |
| Número Internacional Normalizado para Publicaciones Seriadas |
1409-4703 |
| 856 4# - LOCALIZACIÓN Y ACCESO ELECTRÓNICOS |
| Identificador Uniforme del Recurso |
<a href="https://revistas.ucr.ac.cr/index.php/aie/article/view/34211/33758">https://revistas.ucr.ac.cr/index.php/aie/article/view/34211/33758</a> |
| 856 4# - LOCALIZACIÓN Y ACCESO ELECTRÓNICOS |
| Identificador Uniforme del Recurso |
<a href="https://doi.org/10.15517/aie.v18i3.34211">https://doi.org/10.15517/aie.v18i3.34211</a> |
| 905 ## - TIPO DE MATERIAL |
| Tipo de material |
Articulo |
| 942 ## - ELEMENTOS DE PUNTO DE ACCESO ADICIONAL (KOHA) |
| Tipo de ítem Koha |
Artículo Electrónico |